Reclaiming Africa / (Record no. 344)
[ view plain ]
| 000 -LEADER | |
|---|---|
| fixed length control field | 00601cam a22002052 4500 |
| 001 - CONTROL NUMBER | |
| control field | 0000001597 |
| 005 - DATE AND TIME OF LATEST TRANSACTION | |
| control field | 20151021151053.0 |
| 008 - FIXED-LENGTH DATA ELEMENTS--GENERAL INFORMATION | |
| fixed length control field | 070316s xx 000 0 eng d |
| 020 ## - INTERNATIONAL STANDARD BOOK NUMBER | |
| International Standard Book Number | 9966983430 : |
| 040 ## - CATALOGING SOURCE | |
| Original cataloging agency | KABU |
| Transcribing agency | KABU |
| 050 #0 - LIBRARY OF CONGRESS CALL NUMBER | |
| Classification number | HC800 |
| Item number | .R43 |
| 245 10 - TITLE STATEMENT | |
| Title | Reclaiming Africa / |
| Statement of responsibility, etc. | edited by James Shikwati. |
| 260 ## - PUBLICATION, DISTRIBUTION, ETC. (IMPRINT) | |
| Place of publication, distribution, etc. | Nairobi : |
| Name of publisher, distributor, etc. | IREN (Kenya), |
| Date of publication, distribution, etc. | 2004. |
| 300 ## - PHYSICAL DESCRIPTION | |
| Extent | xxvii, 368 p. |
| 651 #0 - SUBJECT ADDED ENTRY--GEOGRAPHIC NAME | |
| Geographic name | Africa |
| General subdivision | Economic conditions. |
| -- | 0000150453 |
| 700 1# - ADDED ENTRY--PERSONAL NAME | |
| Personal name | Shikwati, James. |
| -- | 0000150473 |
| 852 1# - LOCATION | |
| -- | p1235 KES |
| 908 ## - PUT COMMAND PARAMETER (RLIN) | |
| Put command parameter | 070316 |
| 950 ## - LOCAL HOLDINGS (RLIN) | |
| -- | 1 |
| Withdrawn status | Lost status | Source of classification or shelving scheme | Not for loan | Home library | Current library | Date acquired | Total Checkouts | Full call number | Barcode | Date last seen | Price effective from | Koha item type | Date last checked out |
|---|---|---|---|---|---|---|---|---|---|---|---|---|---|
| Library of Congress Classification | Kabarak, Main Campus | Kabarak, Main Campus | 17/12/2015 | 3 | HC800 .R43 | 001891 | 14/12/2019 | 17/12/2015 | Africana Collection | 14/12/2019 | |||
| Library of Congress Classification | Kabarak, Nakuru City Campus | Kabarak, Nakuru City Campus | 21/10/2015 | HC800 .R43 c. 1 | 17153 | 21/10/2015 | 21/10/2015 | General Collection |